000 00289nam a22001337a 4500
008 170703b xxu||||| |||| 00| 0 eng d
020 _a2818800017047
041 _aeng
080 _23RD
_a82
100 _a22
101 _aGJL
245 _aFOUNDATIONS 111 READER
_cFDN
942 _2udc
_cBK
999 _c19850
_d19850